000 00617nam a2200193Ii 4500
003 JO-AjNU
008 230605s9999||||xx |||||||||||||| ||und||
040 _aJO-AjNU
_bara
_erda
_cJO-AjNU
041 _aara
050 1 4 _aPJ6161.A4288 1993
100 3 _aاعداد عفش، محمد علي,
_eauthor
_939975
245 0 0 _aالكتاب الأول في الإنشاء
264 3 1 _aبيروت: دار الشرق العربي، 1993
300 _a143ص
336 _atext
_btxt
_2rdacontent
337 _aunmediated
_bn
_2rdamedia
338 _avolume
_bnc
_2rdacarrier
650 4 _aالانشاء الادبي
_939976
999 _aA16927
_c20495
_d20495